Size polymorphism and heteroplasmy in the mitochondrial DNA of lower vertebrates (Registro nro. 10982)

Detalles MARC
000 -CABECERA
Campo de control 005150000a22001690004500
090 ## - CLASIFICACIÓN LOCAL
Colección AR
Consecutivo 01905
041 0# - IDIOMA
Código de idioma para texto/pista de sonido o título separado
100 1# - ASIENTO PRINCIPAL--NOMBRE PERSONAL
Nombre personal Avise, John C.
245 10 - MENCION DE TITULO
Título Size polymorphism and heteroplasmy in the mitochondrial DNA of lower vertebrates
650 14 - ASIENTO SECUNDARIO DE MATERIA - TERMINO TEMATICO
Término temático o nombre geográfico como elemento de entrada Análisis genético
650 14 - ASIENTO SECUNDARIO DE MATERIA - TERMINO TEMATICO
Término temático o nombre geográfico como elemento de entrada Variación genética
650 14 - ASIENTO SECUNDARIO DE MATERIA - TERMINO TEMATICO
Término temático o nombre geográfico como elemento de entrada Filogenética
653 ## - TERMINO DE INDIZACION - NO CONTROLADO
-- Amia
-- Amia calva
653 ## - TERMINO DE INDIZACION - NO CONTROLADO
-- Hyla
-- Hyla cinerea
773 1# - Item fuente:
Título Journal of Heredity
Especificación de materiales 637
Paginas del Articulo 249-252
Lugar, editorial y fecha de publicación 1986
Información sobre la relación 77
942 ## - ELEMENTOS ADICIONALES (KOHA)
Tipo de ítem Artículo
Existencias
Withdrawn status Lost status Damaged status No para préstamo Colección Ubicación Permanente Ubicación actual Fecha de adquisición Datos de publicación Seriada Total Checkouts Número topográfico Inventario / Código de Barras Date last seen Ejemplar Price effective from Forma de adquisición Tipo de material
      No para Préstamo Hemeroteca Bogotá Bogotá 27/02/2015 Fuera de circulación   AR 01905 012274 25/03/2015 1 25/03/2015   Artículo